000 008000000a22002290004500
003 LK-CoMWRAF
005 20231206125430.0
008 230817t1977 ||||| |||| 00| 0 eng d
020 _a9555640963
040 _aLK-CoMWRAF
_dLK-CoMWRAF
_eLK-CoMWRAF
041 _aeng
082 _a915.48
_bTEN
100 _aTennent, James Emerson
245 _aCeylon:
_bAn account of the Island Physical, Historical and Topographical with notices of its natural history, antiquities and productions
250 _a6th ed.
260 _aDehiwala:
_bTisara Prakasakayo Ltd,
_c1977
300 _axxxv.; 543 p. ill., maps (some folded) 22 cm
490 _aVolume;
_v1
650 _aNATURAL HISTORY-Sri Lanka
650 _a Authors' presentation inscriptions (Provenance) -Great Britain-19th century
942 _cBK
999 _c2106
_d2106